| 000 -CABECERA |
| Longitud fija campo de control |
00442nam a22001457a 4500 |
| 003 - IDENTIFICADOR DEL NÚMERO DE CONTROL |
| Identificador del número de control |
OSt |
| 005 - FECHA Y HORA DE LA ÚLTIMA TRANSACCIÓN |
| Fecha y hora de la última transacción |
20140407101333.0 |
| 008 - CÓDIGOS DE INFORMACIÓN DE LONGITUD FIJA |
| Códigos de información de longitud fija |
140402s2000 sp ||||| |||| 00| 0 spa d |
| 040 ## - FUENTE DE LA CATALOGACIÓN |
| Lengua de catalogación |
cat |
| Centro transcriptor |
CPC Lleida |
| 100 ## - PUNTO DE ACCESO PRINCIPAL-NOMBRE DE PERSONA |
| 9 (RLIN) |
4552 |
| Nombre de persona |
Diaz Garrido, María del Carmen |
| 245 10 - MENCIÓN DE TÍTULO |
| Título |
Antes, después y ahora |
| Resto del título |
: de E.A.J 64 Radio Segovia |
| Mención de responsabilidad, etc. |
[María del Carmen Díaz Garrido] |
| 260 ## - PUBLICACIÓN, DISTRIBUCIÓN, ETC. (PIE DE IMPRENTA) |
| Lugar de publicación, distribución, etc. |
Segovia |
| Nombre del editor, distribuidor, etc. |
Radio Segovia |
| Fecha de publicación, distribución, etc. |
2000 |
| 300 ## - DESCRIPCIÓN FÍSICA |
| Extensión |
125 p. |
| Dimensiones |
24 cm. |
| 942 ## - ENTRADA DE ELEMENTOS AGREGADOS (KOHA) |
| Koha [por defecto] tipo de item |
Monografies |
| Fuente de clasificaión o esquema |
|